| 000 | 00735nam a2200169 a 4500 | ||
|---|---|---|---|
| 001 | 51020 | ||
| 005 | 20180714040316.0 | ||
| 008 | 140415s1974 mx 000 0 spa d | ||
| 041 | _aspa | ||
| 082 |
_a617.026 _bURG |
||
| 245 | 0 | 0 | _aURGENCIAS QUIRURGICAS ABDOMINALES |
| 250 | _a1a ed. | ||
| 260 |
_aMEXICO : _bSOCIEDAD MEDICA DEL HOSPITAL GENERAL, _c1974 |
||
| 300 |
_a165 _c16.3 x 0.5 x 23 |
||
| 520 | _aLA SOCIEDAD MEDICA DEL HOSPITAL GENERAL PRESENTA ESTE PEQUEÑO VOLUMEN, EN FORMA DE MONOGRAFIA, ACERCA DE LAS PRINCIPALES URGENCIAS QUIRURGICAS DEL ABDOMEN. EN EL SE CONJUNTAN LA EXPERIENCIA DE LOS DIVERSOS CIRUJANOS DEL HOSPITAL GENERAL Y UN INVITADO DE LA PENINSULA DE YUCATAN. | ||
| 650 | 1 | 4 | _aURGENCIAS MEDICAS |
| 999 |
_c51020 _d51020 |
||